Statistics for Countries neutral in WW1

Click here to take the quiz!

General Stats

  • This quiz has been taken 42 times
  • The average score is 9 of 10

Answer Stats

HintAnswer% Correct
Russia, SwedenNorway
100%
France, SpainAndorra
98%
GermanyDenmark
98%
Belgium, GermanyNetherlands
98%
ItalySan Marino
93%
Andorra, France, PortugalSpain
93%
Norway, RussiaSweden
93%
Germany, France, Liechtenstein, Italy, Austria-HungarySwitzerland
93%
Switzerland, Austria-HungaryLiechtenstein
90%
FranceMonaco
88%

Score Distribution

Percentile by Number Answered

Percent of People with Each Score

Your Score History

You have not taken this quiz